| 000 | 01268cam a2200349 a 4500 | ||
|---|---|---|---|
| 001 | 13235460 | ||
| 003 | OSt | ||
| 005 | 20140310184519.0 | ||
| 008 | 030612r20042003nyu c 000 1 eng | ||
| 010 | _a 2003056345 | ||
| 020 | _a0439580366 | ||
| 040 |
_aDLC _cDLC _dDLC |
||
| 042 | _alcac | ||
| 050 | 0 | 0 |
_aPZ 7 _b.Up4447 2006 |
| 100 | 1 |
_aUpdale, Eleanor. _929700 |
|
| 245 | 1 | 0 |
_aMontmorency : thief, liar, gentleman? / _cEleanor Updale. |
| 250 | _a1st Orchard Books ed. | ||
| 260 |
_aNew York : _bOrchard Books, _c2004. |
||
| 300 |
_a232 p. : _c22 cm. |
||
| 521 | _aG9 | ||
| 526 | _c1100 | ||
| 650 | 1 |
_aRobbers and outlaws _vFiction. _929701 |
|
| 650 | 1 |
_aIdentity _vFiction. _929702 |
|
| 651 | 1 |
_aLondon (England) _xHistory _y1800-1950 _vFiction. _929703 |
|
| 651 | 1 |
_aGreat Britain _xHistory _yVictoria, 1837-1901 _vFiction. _929704 |
|
| 856 | 4 | 2 |
_3Publisher description _uhttp://www.loc.gov/catdir/description/schol051/2003056345.html |
| 856 | 4 | 1 |
_3Table of contents _uhttp://www.loc.gov/catdir/toc/fy051/2003056345.html |
| 906 |
_a7 _bcbc _corignew _d1 _eocip _f20 _gy-gencatlg |
||
| 942 |
_2lcc _cBK-SCHOLAS |
||
| 999 |
_c35008 _d35008 |
||